000 01159cgm a2200289 4500
008 090401t1996 xxu||||| |||| 00| 0 eng d
020 _a1899769463
035 _a(Sirsi) u54229
041 _aeng
050 _a333.3307
100 _aLand, Howard
245 4 _aThe Assessment of Professional Competence: a CPD Study Pack
260 _aReading
_bCollege of Estate Management
_c1996
300 _av,40p.
_c30cm. + 1 audio CD (ca. 60 min.)
350 _a35
490 _aCollege of Estate Management CPD Study Pack
520 _aAims to provide a comprehensive guide to the APC and includes a detailed description of the steps involved such as the interim submission, the critical analysis and the final assessment. The accompanying audio tape includes extracts from both a simulated presentation and an interview.
520 _aSuperseded by 2nd ed. (ISBN 189976979X).
650 _aAPC
_96216
650 _aAPC
_96216
650 _aABOUT RICS-RICS MEMBERS
650 _aQUALIFICATIONS
690 _aMANAGEMENT-BUSINESS MANAGEMENT-PROFESSIONAL PRACTICE
710 _aCollege of Estate Management
_9400
942 _n0
948 _c04/03/1997
999 _c85280
_d85280